00701cam a22001457a 4500008004000000082002100040100006800061245007000129260005000199300001200249999001900261952009200280952009200372952009100464180718b1934 xxu||||| |||| 00| 0 eng d aC0x54073 Un3j/33 aUnited Kingdom. Joint Committee on Indian Constitutional Reform aJoint Committee on Indian Constitutional Reform (session 1933-34) aLondonbHer Majesty's Stationery Officec1934 a2 vols. c393250d393250 00104070aIIPAbIIPAd2000-04-28oC0x54073 Un3j/33p64266r2018-07-21w2018-07-21yBK 00104070aIIPAbIIPAd2000-04-28oC0x54073 Un3j/33p19300r2018-07-21w2018-07-21yBK 00104070aIIPAbIIPAd2000-04-28oC0x54073 Un3j/33p7697r2018-07-21w2018-07-21yBK